00644nam a2200193 i 4500001000300000100002600003245006100029260004400090300004000134504003600174650003700210700001900247020001500266040000800281041000700289080001500296008004100311856009800352bg1 aSZABÓ, Barna Aladar10aFinite element analysis /cBarna Szabó, Ivo Babuška. aNew York [et al.] :bJohn Wiley,c1991. aXV, 368 s. :brys., wykr. ;c24 cm. aBibliogr. s. 358-362. - Indeks. 9aMetoda elementów skończonych1 aBABUŠKA, Ivo a0471502731 cBPK0 aen a519.61/.65 s pl f |000 0 pol  uhttp://koha.tu.koszalin.pl/cgi-bin/koha/opac-detail.pl?biblionumber=30857yKatalog online BPK